Охрана рубежей России (Запись № 12387536)

Подробности
000 -МАРКЕР
контрольное поле 03460nam0a2200445 4500
001 - ИДЕНТИФИКАТОР ЗАПИСИ
контрольное поле RU\NLR\BIBL_A\012838451
005 - ИДЕНТИФИКАТОР ВЕРСИИ
контрольное поле 20230418155714.0
010 ## - МЕЖДУНАРОДНЫЙ СТАНДАРТНЫЙ НОМЕР КНИГИ (ISBN)
Номер (ISBN) 978-5-91255-354-7
Тираж 250
021 ## - НОМЕР ГОСУДАРСТВЕННОЙ РЕГИСТРАЦИИ
Код страны Российская Федерация
Номер КН-П-22-024259
Номер Листа государственной регистраци КН-П-22-2073
035 ## - ДРУГИЕ СИСТЕМНЫЕ НОМЕРА
Идентификатор записи (NLR Aleph) 012838451
035 ## - ДРУГИЕ СИСТЕМНЫЕ НОМЕРА
Идентификатор записи (RuMoRGB)011045976
100 ## - ДАННЫЕ ОБЩЕЙ ОБРАБОТКИ
Данные общей обработки 20220704d2022 k y0rusy50 ca
101 0# - ЯЗЫК РЕСУРСА
Язык текста, звукозаписи и т.д. русский
102 ## - СТРАНА ПУБЛИКАЦИИ ИЛИ ПРОИЗВОДСТВА
Страна публикации Российская Федерация
105 ## - ПОЛЕ КОДИРОВАННЫХ ДАННЫХ: ТЕКСТОВЫЕ МАТЕРИАЛЫ, МОНОГРАФИЧЕСКИЕ
Кодированные данные о монографическом текстовом документе ach z 000zy
181 #0 - ПОЛЕ КОДИРОВАННЫХ ДАННЫХ: ВИД СОДЕРЖАНИЯ
Код вида содержания (ISBD) i
Код характеристики содержания (ISBD) axxe
182 #0 - ПОЛЕ КОДИРОВАННЫХ ДАННЫХ: ТИП СРЕДСТВА
Код типа средства (ISBD) n - непосредственное
200 1# - ЗАГЛАВИЕ И СВЕДЕНИЯ ОБ ОТВЕТСТВЕННОСТИ
Основное заглавие Охрана рубежей России
Сведения, относящиеся к заглавию монография
-- для высших учебных заведений, кадетских корпусов и классов СОШ, исторического образования и патриотического воспитания молодежи
Первые сведения об ответственности А. Е. Стефанов
Последующие сведения об ответственности РОО ООО "Российский союз ветеранов Афганистана"
203 ## - ВИД СОДЕРЖАНИЯ И ТИП СРЕДСТВА
Вид содержания Текст
Дополнительные сведения об издании визуальный
Тип средства непосредственный
210 ## - ПУБЛИКАЦИЯ, РАСПРОСТРАНЕНИЕ И ДР.
Место издания, распространения и т.д. Рязань
Имя издателя, распространителя и т. д. Рязанская областная типография
Дата издания, распространения и т.д. 2022
215 ## - ФИЗИЧЕСКАЯ ХАРАКТЕРИСТИКА
Специфическое обозначение материала и объем 1219 с.
Другие сведения о физической характеристике ил., цв. ил., портр., факс.
Размеры 21
300 ## - ОБЩИЕ ПРИМЕЧАНИЯ
Текст примечания На обороте тит. с. авт.: Стефанов А. Е., полк. в отставке погранич. службы ФСБ России, доц.
330 ## - РЕЗЮМЕ ИЛИ РЕФЕРАТ
Текст примечания Автор при изложении материала в данном издании исходит из того, с каждым годом знания по истории России и правоведению становятся все хуже и хуже. Молодое поколение имеет слабое представление о: Древней Руси. Русско-японской и первой мировой войне. Боевых действиях у озера Хасан и реки Халхин-Гол. Основных, решающих, переломных этапах ВОВ и послевоенных вооруженных конфликтах, в том числе на наших границах. Подвигах и достижениях пограничников-чекистов в разные периоды отечественной истории. Сопредельных государствах и прохождении границы
601 01 - НАИМЕНОВАНИЕ ОРГАНИЗАЦИИ КАК ПРЕДМЕТ
Начальный элемент ввода Россия
Структурное подразделение организации Пограничная стража
Тематический подзаголовок История
Код системы nlr_sh2
Идентификатор авторитетной/нормативной записи RU\NLR\AUTH\661541414
601 01 - НАИМЕНОВАНИЕ ОРГАНИЗАЦИИ КАК ПРЕДМЕТ
Начальный элемент ввода СССР
Структурное подразделение организации Пограничные войска
Тематический подзаголовок История
Код системы nlr_sh2
Идентификатор авторитетной/нормативной записи RU\NLR\AUTH\661522376
601 01 - НАИМЕНОВАНИЕ ОРГАНИЗАЦИИ КАК ПРЕДМЕТ
Начальный элемент ввода Российская Федерация
Структурное подразделение организации Пограничные войска
Код системы nlr_sh2
Идентификатор авторитетной/нормативной записи RU\NLR\AUTH\661522381
606 1# - НАИМЕНОВАНИЕ ТЕМЫ КАК ПРЕДМЕТ
Наименование темы Границы государственные
Тематический подзаголовок Охрана
Географический подзаголовок Россия
Код системы nlr_sh2
Идентификатор авторитетной/нормативной записи RU\NLR\AUTH\661475808
675 ## - УНИВЕРСАЛЬНАЯ ДЕСЯТИЧНАЯ КЛАССИФИКАЦИЯ (UDC/УДК)
Индекс 351.746(47+57)(091)
Издание 4
686 1# - ИНДЕКСЫ ДРУГИХ КЛАССИФИКАЦИЙ
Индекс Х819(2)112.038
686 1# - ИНДЕКСЫ ДРУГИХ КЛАССИФИКАЦИЙ
Индекс Ц68,8(2)1-1
686 1# - ИНДЕКСЫ ДРУГИХ КЛАССИФИКАЦИЙ
Индекс Ц68,6(2)1-1
700 #1 - ИМЯ ЛИЦА - ПЕРВИЧНАЯ ОТВЕТСТВЕННОСТЬ
Начальный элемент ввода Стефанов
Часть имени, кроме начального элемента ввода А. Е.
Даты 1947-
Расширение инициалов личного имени Алексей Егорович
856 4# - МЕСТОНАХОЖДЕНИЕ ЭЛЕКТРОННЫХ РЕСУРОВ И ДОСТУП К НИМ
Имя пользователя (logon/login) VNP_SKP
Эмуляция терминала (Terminal emulation) VIEW
Универсальный идентификатор ресурса (Uniform Resource Identifier) https://webservices.nlr.ru/viewer/file?name=a012838451_002.txt
Тип доступа (Access method) Аннотация
856 41 - МЕСТОНАХОЖДЕНИЕ ЭЛЕКТРОННЫХ РЕСУРОВ И ДОСТУП К НИМ
Имя пользователя (logon/login) VNP_SKP
Эмуляция терминала (Terminal emulation) VIEW
Универсальный идентификатор ресурса (Uniform Resource Identifier) https://webservices.nlr.ru/viewer/file?name=t012838451_001.jpg
Тип доступа (Access method) Обложка
942 ## - ДОПОЛНИТЕЛЬНЫЕ ЭЛЕМЕНТЫ ЗАПИСИ (АБИС)
Тип экземпляра АБИС Книга
980 4# - КОЛЛЕКЦИЯ
Название коллекции
980 ## - КОЛЛЕКЦИЯ
Название коллекции Национальная библиография
Экземпляры
Тип экземпляра Дата поступления Источник поступления Библиотека постоянного хранения Библиотека текущего хранения Место хранения Шифр хранения Штрих-код Статус экземпляра
Книга 04.07.2022 Обязательный экземпляр РНБ (Московский) РНБ (Московский) Русский книжный фонд: издания с 1957 года 2022-3/17813 1-3887060  
Книга 04.07.2022 Обязательный экземпляр РНБ (Московский) РНБ (Московский) Русский книжный фонд: издания с 1957 года 2022-3/17813 1-3887064